Naqoyqatsi /

Entrega final de la trilogía Qatsi, proyecto cinematográfico dirigido por el norteamericano Godfrey Reggio durante los años 1975-2002, cuya base lingüística común es qatsi, término de los indígenas hopi, que traducido al castellano significa vida. Obras de difícil clasificación genérica, las tres pe...

Cijeli opis

Spremljeno u:
Bibliografski detalji
Glavni autor: Reggio, Godfrey (realización)
Daljnji autori: Reggio, Godfrey (guión) (guión), Fine, Russell Lee (fotógrafo) (fotógrafo), Kane, Jon (montaje) (montaje), Glass, Philip (música) (música)
Format: Slajd
Izdano: EUA : Nueva York, EUA : Qatsi Productions ; Miramax Films, 2002, c2002
Teme:
Oznake: Dodaj oznaku
Bez oznaka, Budi prvi tko označuje ovaj zapis!

MARC

LEADER 00000ngm^a2200000^a^4500
001 000184223
005 20250521000000.0
009 20260310102108.856
020 |a 0-7888-4637-X 
037 |a Acervo ITESO - Biblioteca 
041 |a OTR 
082 |a 810.  |b REG V. 3 
100 |a Reggio, Godfrey  |e (realización) 
240 1 1 |a [Qatsi] 
240 1 1 |a [Naqoyqatsi] 
245 1 0 |a Naqoyqatsi /  |c Realización de G. Reggio. 
264 4 |a EUA :  |b Qatsi Productions ;  |a Nueva York, EUA :  |b Miramax Films,  |c 2002, c2002 
264 2 |a Los Angeles, EUA :  |b Buena Vista [distribución],  |c copyright fecha no identificada 
300 |a 1 DVD región 1 (89 min.) :  |b color 
336 |a imagen móvil bidimensional  |b tdi  |2 rdacontenido 
337 |a video  |b v  |2 rdamedio 
338 |a videodisco  |b vd  |2 rdasoporte 
520 |a Entrega final de la trilogía Qatsi, proyecto cinematográfico dirigido por el norteamericano Godfrey Reggio durante los años 1975-2002, cuya base lingüística común es qatsi, término de los indígenas hopi, que traducido al castellano significa vida. Obras de difícil clasificación genérica, las tres películas de Reggio han sido calificadas como ensayos audiovisuales, documentales experimentales o filmes minimalistas. El significado aproximado de Naqoyqatsi es la vida como guerra y a partir de esta premisa conceptual, Reggio muestra una crónica de los cambios del mundo globalizado de inicios del siglo XXI, que pasó de ser un ámbito organizado según los principios de la naturaleza a un ente regido por la tecnología. Esta presentación incluye un doblaje opcional en francés de la narración original en inglés y los siguientes materiales complementarios, todos ellos en inglés sin subtítulos: 1. Una conversación con el norteamericano Philip Glass, compositor de las bandas sonoras de de toda la trilogía, y del chelista francés Yo-Yo Ma, participante en esta última entrega (7 minutos). 2. Un debate en la Universidad de Nueva York (NYU) con la participación del director, el compositor Glass, el montajista Jon Kane y John Rockwell, editor de la sección de artes y entretenimiento del diario The New York Times (54 minutos) y 3. Trailers o avances de Koyaanisqatsi (2 minutos) y Powaqqatsi (2 minutos), títulos precedentes de la serie. 
546 |a Doblaje opcional: francés 
649 |a XX 
650 |a Documentales 
650 |a Minimalismo en el Cine 
650 |a Cine Experimental 
650 |a Cine Norteamericano -  |y 2000-2009 
650 |a Cine Norteamericano -  |y Siglo XXI 
650 |a Terrorismo 
650 |a Guerra y Paz 
650 |a Violencia Política 
650 |a Problemas Sociales 
650 |a Política Internacional 
650 |a Nuevo Orden Económico Internacional 
650 |a Economía Internacional 
650 |a Naturaleza y Civilización 
650 |a Tierra 
650 |a Tecnología y Sociedad 
650 |a Sociedad Postindustrial 
650 |a Modernidad y Posmodernidad 
650 |a Historia Moderna -  |y Siglo XX 
650 |a Historia Universal 
650 |a Política Internacional 
650 |a Globalización 
700 |a Reggio, Godfrey  |e (guión) 
700 |a Fine, Russell Lee  |e (fotógrafo) 
700 |a Kane, Jon  |e (montaje) 
700 |a Glass, Philip  |e (música) 
910 |a Fondo General 
920 |a Audiovisuales - DVDs 
940 |a Películas 
905 |a 302 
901 |a 0500094056  |b IT2  |c DVS  |u 20250521 
901 |a 0500321101  |b IT2  |c DVS  |i D119059  |u 20250521 
902 |a https://opac.biblio.iteso.mx/vufind/Record/000184223